00641nam a2200181 a 450000100100000000500170001000800410002704000250006808200150009310000310010824500640013925000110020326000450021430000420025950400280030195201130032999900170044200002722020200930030700.0110330s1978 dr abc 000 0 spa d aDO-SdBNPbspacBNPHU axxxbM762b1 aMontás, Argentina93057210aBosquejo de la historia de América /cArgentina Montás. a11a ed aSanto Domingo :bAmigo del Hogar,c1978. a288 p. :bil., mapa, retrs. ;c23 cm. aBibliografía : p. 289 0010718PDaPDbPDcCTd2011-03-30iLF1l0oxxx M762bp27220-10r2020-06-25w2020-06-25yLFPDZNo se presta c26712d26712